Cenové rozhodovanie. Cenotvorba a cenové stratégie firmy Hriňovské strojárne a.s diplomová práca

Gespeichert in:
Bibliographische Detailangaben
1. Verfasser: Hanes, Róbert
Körperschaft: Fakulta podnikového manažmentu EU. Katedra podnikovohospodárska
Weitere Verfasser: Fendeková, Eleonora, 1952-
Format: Buch
Sprache:Slowakisch
Veröffentlicht: Bratislava 2013
Tags: Tag hinzufügen
Keine Tags, Fügen Sie das erste Tag hinzu!

MARC

LEADER 00000nbm a2200000 4500
001 0170742
005 20161109102407.6
041 0 |a slo 
044 |a SK 
245 1 0 |a Cenové rozhodovanie. Cenotvorba a cenové stratégie firmy Hriňovské strojárne a.s  |b diplomová práca  |c Róbert Hanes ; školiteľ: Eleonora Fendeková 
264 1 |a Bratislava  |c 2013 
300 |a 70 s. 
100 1 |a Hanes, Róbert 
700 1 |a Fendeková, Eleonora, 1952- 
710 2 |a Fakulta podnikového manažmentu EU. Katedra podnikovohospodárska